<?xml version="1.0" encoding="UTF-8"?>
<record
    xmlns:xsi="http://www.w3.org/2001/XMLSchema-instance"
    xsi:schemaLocation="http://www.loc.gov/MARC21/slim http://www.loc.gov/standards/marcxml/schema/MARC21slim.xsd"
    xmlns="http://www.loc.gov/MARC21/slim">

  <leader>02594nam0a2200337   4500</leader>
  <controlfield tag="001">RU\NLR\BIBL_A\011203189</controlfield>
  <controlfield tag="005">20250625215248.0</controlfield>
  <datafield tag="010" ind1=" " ind2=" ">
    <subfield code="a">978-5-298-03106-6</subfield>
    <subfield code="9">2000</subfield>
  </datafield>
  <datafield tag="021" ind1=" " ind2=" ">
    <subfield code="a">RU</subfield>
    <subfield code="b">2016-36742</subfield>
    <subfield code="9">2361</subfield>
  </datafield>
  <datafield tag="035" ind1=" " ind2=" ">
    <subfield code="a">(NLR Aleph) 011203189</subfield>
  </datafield>
  <datafield tag="090" ind1=" " ind2=" ">
    <subfield code="a">11934825</subfield>
    <subfield code="c">11934825</subfield>
  </datafield>
  <datafield tag="100" ind1=" " ind2=" ">
    <subfield code="a">20160901d2016    |||y0rusy50      ca</subfield>
  </datafield>
  <datafield tag="101" ind1="0" ind2=" ">
    <subfield code="a">tat</subfield>
  </datafield>
  <datafield tag="102" ind1=" " ind2=" ">
    <subfield code="a">RU</subfield>
  </datafield>
  <datafield tag="105" ind1=" " ind2=" ">
    <subfield code="a">y   z   000 y</subfield>
  </datafield>
  <datafield tag="200" ind1="1" ind2=" ">
    <subfield code="a">&#x422;&#x430;&#x442;&#x430;&#x440; &#x442;&#x435;&#x43B;&#x435;&#x43D;&#x43D;&#x4D9;&#x43D; &#x442;&#x438;&#x43A;&#x448;&#x435;&#x440;&#x4AF; &#x442;&#x435;&#x441;&#x442;&#x43B;&#x430;&#x440;&#x44B;</subfield>
    <subfield code="d">&#x41A;&#x43E;&#x43D;&#x442;&#x440;&#x43E;&#x43B;&#x44C;&#x43D;&#x44B;&#x435; &#x442;&#x435;&#x441;&#x442;&#x44B; &#x43F;&#x43E; &#x442;&#x430;&#x442;&#x430;&#x440;&#x441;&#x43A;&#x43E;&#x43C;&#x443; &#x44F;&#x437;&#x44B;&#x43A;&#x443;</subfield>
    <subfield code="e">4 &#x441;-&#x444;</subfield>
    <subfield code="e">&#x440;&#x443;&#x441; &#x442;&#x435;&#x43B;&#x435;&#x43D;&#x434;&#x4D9; &#x433;&#x43E;&#x43C;&#x443;&#x43C;&#x438; &#x431;&#x435;&#x43B;&#x435;&#x43C; &#x431;&#x438;&#x440;&#x4AF; &#x43E;&#x435;&#x448;&#x43C;&#x430;&#x43B;&#x430;&#x440;&#x44B; &#x4E9;&#x447;&#x435;&#x43D; &#x443;&#x43A;&#x443; &#x4D9;&#x441;&#x431;&#x430;&#x431;&#x44B;</subfield>
    <subfield code="e">(&#x442;&#x430;&#x442;&#x430;&#x440; &#x442;&#x435;&#x43B;&#x435;&#x43D; &#x442;&#x443;&#x433;&#x430;&#x43D; &#x442;&#x435;&#x43B; &#x431;&#x443;&#x43B;&#x430;&#x440;&#x430;&#x43A; &#x4E9;&#x439;&#x440;&#x4D9;&#x43D;&#x4AF;&#x447;&#x435; &#x443;&#x43A;&#x443;&#x447;&#x44B;&#x43B;&#x430;&#x440; &#x4E9;&#x447;&#x435;&#x43D;)</subfield>
    <subfield code="f">&#x4D8;. &#x428;. &#x42E;&#x441;&#x443;&#x43F;&#x43E;&#x432;&#x430;, &#x413;. &#x4D8;. &#x41D;&#x4D9;&#x431;&#x438;&#x443;&#x43B;&#x43B;&#x438;&#x43D;&#x430;, &#x413;. &#x420;. &#x41C;&#x4E9;&#x433;&#x44A;&#x442;&#x4D9;&#x441;&#x438;&#x43C;&#x43E;&#x432;&#x430;, &#x413;. &#x4D8;. &#x425;&#x4D9;&#x43B;&#x438;&#x443;&#x43B;&#x43B;&#x438;&#x43D;&#x430;</subfield>
  </datafield>
  <datafield tag="210" ind1=" " ind2=" ">
    <subfield code="a">&#x41A;&#x430;&#x437;&#x430;&#x43D;</subfield>
    <subfield code="c">&#x422;&#x430;&#x442;&#x430;&#x440;. &#x43A;&#x438;&#x442;. &#x43D;&#x4D9;&#x448;&#x440;.</subfield>
    <subfield code="d">2016</subfield>
  </datafield>
  <datafield tag="215" ind1=" " ind2=" ">
    <subfield code="a">66,[2] &#x431;.</subfield>
    <subfield code="d">21</subfield>
  </datafield>
  <datafield tag="320" ind1=" " ind2=" ">
    <subfield code="a">&#x411;&#x438;&#x431;&#x43B;&#x438;&#x43E;&#x433;&#x440;.&#x432; &#x43A;&#x43E;&#x43D;&#x446;&#x435; &#x43A;&#x43D;.</subfield>
  </datafield>
  <datafield tag="510" ind1="1" ind2=" ">
    <subfield code="a">&#x41A;&#x43E;&#x43D;&#x442;&#x440;&#x43E;&#x43B;&#x44C;&#x43D;&#x44B;&#x435; &#x442;&#x435;&#x441;&#x442;&#x44B; &#x43F;&#x43E; &#x442;&#x430;&#x442;&#x430;&#x440;&#x441;&#x43A;&#x43E;&#x43C;&#x443; &#x44F;&#x437;&#x44B;&#x43A;&#x443;</subfield>
    <subfield code="e">4 &#x43A;&#x43B;.: &#x443;&#x447;&#x435;&#x431;. &#x43F;&#x43E;&#x441;&#x43E;&#x431;&#x438;&#x435; &#x434;&#x43B;&#x44F; &#x43E;&#x431;&#x449;&#x435;&#x43E;&#x431;&#x440;&#x430;&#x437;&#x43E;&#x432;&#x430;&#x442;. &#x43E;&#x440;&#x433;. &#x441; &#x43E;&#x431;&#x443;&#x447;&#x435;&#x43D;&#x438;&#x435;&#x43C; &#x43D;&#x430; &#x440;&#x443;&#x441;. &#x44F;&#x437;.: (&#x434;&#x43B;&#x44F; &#x438;&#x437;&#x443;&#x447;&#x430;&#x44E;&#x449;&#x438;&#x445; &#x442;&#x430;&#x442;&#x430;&#x440;. &#x44F;&#x437;. &#x43A;&#x430;&#x43A; &#x440;&#x43E;&#x434;&#x43D;&#x43E;&#x439;).</subfield>
    <subfield code="z">rus</subfield>
    <subfield code="a">&#x443;&#x447;&#x435;&#x431;. &#x43F;&#x43E;&#x441;&#x43E;&#x431;&#x438;&#x435; &#x434;&#x43B;&#x44F; &#x43E;&#x431;&#x449;&#x435;&#x43E;&#x431;&#x440;&#x430;&#x437;&#x43E;&#x432;&#x430;&#x442;. &#x43E;&#x440;&#x433;. &#x441; &#x43E;&#x431;&#x443;&#x447;&#x435;&#x43D;&#x438;&#x435;&#x43C; &#x43D;&#x430; &#x440;&#x443;&#x441;. &#x44F;&#x437;.</subfield>
    <subfield code="e">(&#x434;&#x43B;&#x44F; &#x438;&#x437;&#x443;&#x447;&#x430;&#x44E;&#x449;&#x438;&#x445; &#x442;&#x430;&#x442;&#x430;&#x440;. &#x44F;&#x437;. &#x43A;&#x430;&#x43A; &#x440;&#x43E;&#x434;&#x43D;&#x43E;&#x439;).</subfield>
  </datafield>
  <datafield tag="541" ind1="1" ind2=" ">
    <subfield code="a">&#x41A;&#x43E;&#x43D;&#x442;&#x440;&#x43E;&#x43B;&#x44C;&#x43D;&#x44B;&#x435; &#x442;&#x435;&#x441;&#x442;&#x44B; &#x43F;&#x43E; &#x442;&#x430;&#x442;&#x430;&#x440;&#x441;&#x43A;&#x43E;&#x43C;&#x443; &#x44F;&#x437;&#x44B;&#x43A;&#x443;</subfield>
    <subfield code="e">4 &#x43A;&#x43B;.: &#x443;&#x447;&#x435;&#x431;. &#x43F;&#x43E;&#x441;&#x43E;&#x431;&#x438;&#x435; &#x434;&#x43B;&#x44F; &#x43E;&#x431;&#x449;&#x435;&#x43E;&#x431;&#x440;&#x430;&#x437;&#x43E;&#x432;&#x430;&#x442;. &#x43E;&#x440;&#x433;. &#x441; &#x43E;&#x431;&#x443;&#x447;&#x435;&#x43D;&#x438;&#x435;&#x43C; &#x43D;&#x430; &#x440;&#x443;&#x441;. &#x44F;&#x437;.: (&#x434;&#x43B;&#x44F; &#x438;&#x437;&#x443;&#x447;&#x430;&#x44E;&#x449;&#x438;&#x445; &#x442;&#x430;&#x442;&#x430;&#x440;. &#x44F;&#x437;. &#x43A;&#x430;&#x43A; &#x440;&#x43E;&#x434;&#x43D;&#x43E;&#x439;).</subfield>
    <subfield code="e">&#x443;&#x447;&#x435;&#x431;. &#x43F;&#x43E;&#x441;&#x43E;&#x431;&#x438;&#x435; &#x434;&#x43B;&#x44F; &#x43E;&#x431;&#x449;&#x435;&#x43E;&#x431;&#x440;&#x430;&#x437;&#x43E;&#x432;&#x430;&#x442;. &#x43E;&#x440;&#x433;. &#x441; &#x43E;&#x431;&#x443;&#x447;&#x435;&#x43D;&#x438;&#x435;&#x43C; &#x43D;&#x430; &#x440;&#x443;&#x441;. &#x44F;&#x437;.</subfield>
    <subfield code="e">(&#x434;&#x43B;&#x44F; &#x438;&#x437;&#x443;&#x447;&#x430;&#x44E;&#x449;&#x438;&#x445; &#x442;&#x430;&#x442;&#x430;&#x440;. &#x44F;&#x437;. &#x43A;&#x430;&#x43A; &#x440;&#x43E;&#x434;&#x43D;&#x43E;&#x439;).</subfield>
    <subfield code="z">rus</subfield>
  </datafield>
  <datafield tag="606" ind1="1" ind2=" ">
    <subfield code="a">&#x422;&#x430;&#x442;&#x430;&#x440;&#x441;&#x43A;&#x438;&#x439; &#x44F;&#x437;&#x44B;&#x43A;</subfield>
    <subfield code="j">&#x423;&#x447;&#x435;&#x431;&#x43D;&#x44B;&#x435; &#x438;&#x437;&#x434;&#x430;&#x43D;&#x438;&#x44F; &#x434;&#x43B;&#x44F; &#x43D;&#x430;&#x447;&#x430;&#x43B;&#x44C;&#x43D;&#x43E;&#x439; &#x448;&#x43A;&#x43E;&#x43B;&#x44B;</subfield>
    <subfield code="9">1481084</subfield>
    <subfield code="3">RU\NLR\AUTH\66630778</subfield>
  </datafield>
  <datafield tag="686" ind1="1" ind2=" ">
    <subfield code="a">&#x428;163.23-93&#x440;&#x443;&#x441;21[4]</subfield>
  </datafield>
  <datafield tag="701" ind1=" " ind2="1">
    <subfield code="a">&#x42E;&#x441;&#x443;&#x43F;&#x43E;&#x432;&#x430;</subfield>
    <subfield code="b">&#x4D8;. &#x428;. &#x43A;&#x44B;&#x437;&#x44B;</subfield>
    <subfield code="g">&#x4D8;&#x43B;&#x444;&#x438;&#x44F; &#x428;&#x4D9;&#x4AF;&#x43A;&#x4D9;&#x442; &#x43A;&#x44B;&#x437;&#x44B;</subfield>
    <subfield code="4">070</subfield>
  </datafield>
  <datafield tag="701" ind1=" " ind2="1">
    <subfield code="a">&#x41D;&#x4D9;&#x431;&#x438;&#x443;&#x43B;&#x43B;&#x438;&#x43D;&#x430;</subfield>
    <subfield code="b">&#x413;. &#x4D8;. &#x43A;&#x44B;&#x437;&#x44B;</subfield>
    <subfield code="g">&#x413;&#x4AF;&#x437;&#x4D9;&#x43B; &#x4D8;&#x43C;&#x438;&#x440; &#x43A;&#x44B;&#x437;&#x44B;</subfield>
    <subfield code="4">070</subfield>
  </datafield>
  <datafield tag="701" ind1=" " ind2="1">
    <subfield code="a">&#x41C;&#x4E9;&#x433;&#x44A;&#x442;&#x4D9;&#x441;&#x438;&#x43C;&#x43E;&#x432;&#x430;</subfield>
    <subfield code="b">&#x413;. &#x420;. &#x43A;&#x44B;&#x437;&#x44B;</subfield>
    <subfield code="g">&#x413;&#x4E9;&#x43B;&#x43D;&#x430;&#x437; &#x420;&#x438;&#x43D;&#x430;&#x442; &#x43A;&#x44B;&#x437;&#x44B;</subfield>
    <subfield code="4">070</subfield>
  </datafield>
  <datafield tag="701" ind1=" " ind2="1">
    <subfield code="a">&#x425;&#x4D9;&#x43B;&#x438;&#x443;&#x43B;&#x43B;&#x438;&#x43D;&#x430;</subfield>
    <subfield code="b">&#x413;. &#x4D8;. &#x43A;&#x44B;&#x437;&#x44B;</subfield>
    <subfield code="g">&#x413;&#x4E9;&#x43B;&#x441;&#x438;&#x440;&#x438;&#x43D; &#x4D8;&#x445;&#x43C;&#x4D9;&#x442; &#x43A;&#x44B;&#x437;&#x44B;</subfield>
    <subfield code="4">070</subfield>
  </datafield>
  <datafield tag="852" ind1=" " ind2=" ">
    <subfield code="a">NLR</subfield>
    <subfield code="b">&#x41E;&#x41D;&#x41B;</subfield>
    <subfield code="j">&#x422;&#x430;&#x442;&#x430;&#x440;./3-14809</subfield>
  </datafield>
  <datafield tag="942" ind1=" " ind2=" ">
    <subfield code="c">BOOK</subfield>
  </datafield>
  <datafield tag="980" ind1=" " ind2=" ">
    <subfield code="a">NB</subfield>
  </datafield>
  <datafield tag="995" ind1=" " ind2=" ">
    <subfield code="5">2016-09-01</subfield>
    <subfield code="a">ad</subfield>
    <subfield code="b">NLR01</subfield>
    <subfield code="c">NLR01</subfield>
    <subfield code="e">ONL</subfield>
    <subfield code="f">1-1433830</subfield>
    <subfield code="k">&#x41E;&#x41D;&#x41B; &#x422;&#x430;&#x442;&#x430;&#x440;./3-14809</subfield>
    <subfield code="o">4</subfield>
    <subfield code="r">BOOK</subfield>
    <subfield code="s">_314809</subfield>
  </datafield>
</record>
